000 00340nam a22001457a 4500
020 _a81-7826-310-6
082 _a823
_bGRI/G
245 _aGRIMMS FAIRY TALES
_bSHORT STORIES
246 _aGRIMMS FAIRY TALES
_bSHORT STORIES
250 _a2003
260 _aDELHI
_bROHAN BOOK COMPANY
300 _a224
520 _aSHORT STORIES
942 _cBK
999 _c254
_d254